<?xml version="1.0" encoding="UTF-8"?>
<record
    xmlns:xsi="http://www.w3.org/2001/XMLSchema-instance"
    xsi:schemaLocation="http://www.loc.gov/MARC21/slim http://www.loc.gov/standards/marcxml/schema/MARC21slim.xsd"
    xmlns="http://www.loc.gov/MARC21/slim">

  <leader>01869cam a22004094a 4500</leader>
  <controlfield tag="001">000019046</controlfield>
  <controlfield tag="005">20200929165917.0</controlfield>
  <controlfield tag="008">020916m20012002it a     b   f001 0aita  </controlfield>
  <datafield tag="010" ind1=" " ind2=" ">
    <subfield code="a">2003394147</subfield>
  </datafield>
  <datafield tag="020" ind1=" " ind2=" ">
    <subfield code="a">8871252012</subfield>
  </datafield>
  <datafield tag="035" ind1=" " ind2=" ">
    <subfield code="a">(OCoLC)ocm50613103</subfield>
  </datafield>
  <datafield tag="040" ind1=" " ind2=" ">
    <subfield code="a">DO-SdBNP</subfield>
    <subfield code="c">DLC</subfield>
    <subfield code="d">DLC</subfield>
  </datafield>
  <datafield tag="041" ind1="0" ind2=" ">
    <subfield code="a">itafrespa</subfield>
  </datafield>
  <datafield tag="042" ind1=" " ind2=" ">
    <subfield code="a">pcc</subfield>
  </datafield>
  <datafield tag="043" ind1=" " ind2=" ">
    <subfield code="a">e-it---</subfield>
    <subfield code="a">e-sp---</subfield>
  </datafield>
  <datafield tag="045" ind1=" " ind2=" ">
    <subfield code="a">v0w1</subfield>
  </datafield>
  <datafield tag="050" ind1="0" ind2="0">
    <subfield code="a">DP199</subfield>
    <subfield code="b">.C48 2001</subfield>
  </datafield>
  <datafield tag="100" ind1="0" ind2=" ">
    <subfield code="a">Charles</subfield>
    <subfield code="b">III,</subfield>
    <subfield code="c">King of Spain,</subfield>
    <subfield code="d">1716-1788.</subfield>
    <subfield code="9">40973</subfield>
  </datafield>
  <datafield tag="245" ind1="1" ind2="0">
    <subfield code="a">Lettere ai sovrani di Spagna /</subfield>
    <subfield code="c">Carlo di Borbone ; a cura di Imma Ascione.</subfield>
  </datafield>
  <datafield tag="260" ind1=" " ind2=" ">
    <subfield code="a">Roma :</subfield>
    <subfield code="b">Ministero per i beni e le attivita culturali, Direzione generale per gli archivi,</subfield>
    <subfield code="c">2001-2002.</subfield>
  </datafield>
  <datafield tag="300" ind1=" " ind2=" ">
    <subfield code="a">3 v. :</subfield>
    <subfield code="b">ill. (some col.) ;</subfield>
    <subfield code="c">25 cm.</subfield>
  </datafield>
  <datafield tag="490" ind1="1" ind2=" ">
    <subfield code="a">Pubblicazioni degli archivi di Stato.</subfield>
    <subfield code="a">Fonti ;</subfield>
    <subfield code="v">34, 37, 40</subfield>
  </datafield>
  <datafield tag="546" ind1=" " ind2=" ">
    <subfield code="a">Italian, French, and Spanish.</subfield>
  </datafield>
  <datafield tag="500" ind1=" " ind2=" ">
    <subfield code="a">"Il volume e pubblicato in coedizione con la Societa napoletana di storia patria. La ricera e stata realizzata dall'Universita 'Federico II' di Napoli con il contributo finanziario della Direzione generale per gli archivi"--P. opp. t.p.</subfield>
  </datafield>
  <datafield tag="504" ind1=" " ind2=" ">
    <subfield code="a">Includes bibliographical references and indexes.</subfield>
  </datafield>
  <datafield tag="505" ind1="1" ind2=" ">
    <subfield code="a">1. 1720-1734 -- 2. 1735-1739 -- 3. 1740-1744.</subfield>
  </datafield>
  <datafield tag="600" ind1="0" ind2="0">
    <subfield code="a">Charles</subfield>
    <subfield code="b">III,</subfield>
    <subfield code="c">King of Spain,</subfield>
    <subfield code="d">1716-1788</subfield>
    <subfield code="v">Correspondence.</subfield>
    <subfield code="9">40974</subfield>
  </datafield>
  <datafield tag="651" ind1=" " ind2="0">
    <subfield code="a">Spain</subfield>
    <subfield code="x">Kings And Rulers</subfield>
    <subfield code="v">Correspondence.</subfield>
    <subfield code="9">40975</subfield>
  </datafield>
  <datafield tag="651" ind1=" " ind2="0">
    <subfield code="a">Naples (Kingdom{Rpara}</subfield>
    <subfield code="x">Kings And Rulers</subfield>
    <subfield code="v">Correspondence.</subfield>
    <subfield code="9">40976</subfield>
  </datafield>
  <datafield tag="651" ind1=" " ind2="0">
    <subfield code="a">Spain</subfield>
    <subfield code="x">History</subfield>
    <subfield code="y">Philip V, 1700-1746</subfield>
    <subfield code="v">Sources.</subfield>
    <subfield code="9">40977</subfield>
  </datafield>
  <datafield tag="651" ind1=" " ind2="0">
    <subfield code="a">Naples (Kingdom{Rpara}</subfield>
    <subfield code="x">History</subfield>
    <subfield code="y">1735-1816</subfield>
    <subfield code="v">Sources.</subfield>
    <subfield code="9">40978</subfield>
  </datafield>
  <datafield tag="700" ind1="1" ind2=" ">
    <subfield code="a">Ascione, Imma.</subfield>
    <subfield code="9">40979</subfield>
  </datafield>
  <datafield tag="710" ind1="2" ind2=" ">
    <subfield code="a">Universita di Napoli.</subfield>
    <subfield code="9">40980</subfield>
  </datafield>
  <datafield tag="830" ind1=" " ind2="0">
    <subfield code="a">Pubblicazioni degli archivi di Stato (Unnumbered).</subfield>
    <subfield code="p">Fonti ;</subfield>
    <subfield code="v">34, 37, 40.</subfield>
    <subfield code="9">40981</subfield>
  </datafield>
  <datafield tag="910" ind1=" " ind2=" ">
    <subfield code="a">Catalogaci&#xF3;n derivada / LC</subfield>
  </datafield>
  <datafield tag="082" ind1="0" ind2="0">
    <subfield code="a">945/7307/092</subfield>
    <subfield code="2">22</subfield>
  </datafield>
  <datafield tag="952" ind1=" " ind2=" ">
    <subfield code="0">0</subfield>
    <subfield code="1">0</subfield>
    <subfield code="5">0</subfield>
    <subfield code="7">1</subfield>
    <subfield code="8">MO</subfield>
    <subfield code="a">GR</subfield>
    <subfield code="b">GR</subfield>
    <subfield code="c">HD</subfield>
    <subfield code="d">2010-05-24</subfield>
    <subfield code="i">LF1</subfield>
    <subfield code="l">0</subfield>
    <subfield code="o">945/7307/092 </subfield>
    <subfield code="p">19046-10</subfield>
    <subfield code="r">2020-06-25</subfield>
    <subfield code="w">2020-06-25</subfield>
    <subfield code="y">1</subfield>
    <subfield code="Z">No se presta</subfield>
  </datafield>
  <datafield tag="999" ind1=" " ind2=" ">
    <subfield code="c">18564</subfield>
    <subfield code="d">18564</subfield>
  </datafield>
</record>
